000 00731cam a2200265 4500
008 090401t1997 xxu||||| |||| 00| 0 eng d
020 _a1860811035
035 _a(Sirsi) u77836
041 _aeng
050 _a614.836
100 _aBromley, A.K.R.
245 _aMagnetic fields and building services.
260 _aWatford
_bConstruction Research Communications Ltd
_c1997
300 _a8p. ; 30cm.
350 _a0
490 _aBRE Information Paper
_vIP 2/97
650 _aBlock management
_96220
650 _aELECTRICAL INTERFERENCE
650 _aMAGNETIC FIELDS
690 _aBlock management
_96220
700 _aWylds, S.
710 _aBuilding Research Establishment
942 _n0
948 _c22/04/1997
999 _c96362
_d96362